Kiểm tra, đánh giá kết quả học tập sinh học 10
Sách gồm 2 phần trình bày một số vấn đề chung về đổi mới kiểm tra, đánh giá kết quả dạy - học sinh học 10 và các đề kiểm tra.
Kaydedildi:
| Yazar: | |
|---|---|
| Materyal Türü: | Kitap |
| Dil: | Undetermined |
| Baskı/Yayın Bilgisi: |
Hà Nội
Giáo dục Việt Nam
2009
|
| Konular: | |
| Etiketler: |
Etiketle
Etiket eklenmemiş, İlk siz ekleyin!
|
| Thư viện lưu trữ: | Trung tâm Học liệu Trường Đại học Cần Thơ |
|---|
| LEADER | 00858nam a2200217Ia 4500 | ||
|---|---|---|---|
| 001 | CTU_185188 | ||
| 008 | 210402s9999 xx 000 0 und d | ||
| 020 | |c 12000 | ||
| 082 | |a 570.712 | ||
| 082 | |b L566 | ||
| 100 | |a Vũ, Đức Lưu | ||
| 245 | 0 | |a Kiểm tra, đánh giá kết quả học tập sinh học 10 | |
| 245 | 0 | |c Vũ Đức Lưu | |
| 260 | |a Hà Nội | ||
| 260 | |b Giáo dục Việt Nam | ||
| 260 | |c 2009 | ||
| 520 | |a Sách gồm 2 phần trình bày một số vấn đề chung về đổi mới kiểm tra, đánh giá kết quả dạy - học sinh học 10 và các đề kiểm tra. | ||
| 650 | |a Biology,Sinh học | ||
| 650 | |x Study and teaching (Secondary),Dạy và học (Trung học) | ||
| 904 | |i Hải | ||
| 980 | |a Trung tâm Học liệu Trường Đại học Cần Thơ | ||